|
|
|
|
| LEADER |
02088cas a2200325 a 4500 |
| 001 |
AALejournalIMF021685 |
| 008 |
230101c9999 xx r poo 0 0eng d |
| 020 |
|
|
|c 5.00 USD
|
| 020 |
|
|
|z 9781513582399
|
| 022 |
|
|
|a 1018-5941
|
| 040 |
|
|
|a BD-DhAAL
|c BD-DhAAL
|
| 100 |
1 |
|
|a Brollo, Fernanda.
|
| 245 |
1 |
0 |
|a Pakistan :
|b Spending Needs for Reaching Sustainable Development Goals (SDGs) /
|c Fernanda Brollo, Emine Hanedar, Sebastien Walker.
|
| 264 |
|
1 |
|a Washington, D.C. :
|b International Monetary Fund,
|c 2021.
|
| 300 |
|
|
|a 1 online resource (21 pages)
|
| 490 |
1 |
|
|a IMF Working Papers
|
| 500 |
|
|
|a <strong>Off-Campus Access:</strong> No User ID or Password Required
|
| 500 |
|
|
|a <strong>On-Campus Access:</strong> No User ID or Password Required
|
| 506 |
|
|
|a Electronic access restricted to authorized BRAC University faculty, staff and students
|
| 520 |
3 |
|
|a This paper assesses the additional spending required to make substantial progress towards achieving the SDGs in Pakistan. We focus on critical areas of human (education and health) and physical (electricity, roads, and water and sanitation) capital. For each sector, we document the progress to date, assess where Pakistan stands relative to its peers, highlight key challenges, and estimate the additional spending required to make substantial progress. The estimates for the additional spending are derived using the IMF SDG costing methodology. We find that to achieve the SDGs in these sectors would require additional annual spending of about 16 percent of GDP in 2030 from the public and private sectors combined.
|
| 538 |
|
|
|a Mode of access: Internet
|
| 650 |
|
7 |
|a Electricity Generation
|2 imf
|
| 650 |
|
7 |
|a Foreign Exchange
|2 imf
|
| 650 |
|
7 |
|a Informal Economy
|2 imf
|
| 650 |
|
7 |
|a Sustainable Development Goals
|2 imf
|
| 650 |
|
7 |
|a Underground Econom
|2 imf
|
| 700 |
1 |
|
|a Hanedar, Emine.
|
| 700 |
1 |
|
|a Walker, Sebastien.
|
| 830 |
|
0 |
|a IMF Working Papers; Working Paper ;
|v No. 2021/108
|
| 856 |
4 |
0 |
|z Full text available on IMF
|u http://elibrary.imf.org/view/journals/001/2021/108/001.2021.issue-108-en.xml
|z IMF e-Library
|